<?xml version="1.0" encoding="UTF-8"?>
<collection xmlns="http://www.loc.gov/MARC21/slim">
 <record>
  <leader>00710cam a2200217 7i4500</leader>
  <controlfield tag="001">0000054357</controlfield>
  <controlfield tag="005">20220308090000.0</controlfield>
  <controlfield tag="008">171102s2017                eng  </controlfield>
  <datafield tag="020" ind1=" " ind2=" ">
   <subfield code="a">9789671438350 (pbk.) </subfield>
  </datafield>
  <datafield tag="040" ind1=" " ind2=" ">
   <subfield code="a">TSAM</subfield>
  </datafield>
  <datafield tag="090" ind1="0" ind2="0">
   <subfield code="a">HD57.7 </subfield>
   <subfield code="b">FNG 2017</subfield>
  </datafield>
  <datafield tag="100" ind1="1" ind2=" ">
   <subfield code="a">Fng, Ah Seng </subfield>
   <subfield code="e">author </subfield>
  </datafield>
  <datafield tag="245" ind1="1" ind2="4">
   <subfield code="a">The creation on uniqueness : </subfield>
   <subfield code="b">An untold rags-to-riches of a great man  </subfield>
   <subfield code="c">Fng Ah Seng.</subfield>
  </datafield>
  <datafield tag="264" ind1=" " ind2="1">
   <subfield code="a">Pulau Pinang: </subfield>
   <subfield code="b">The Maker Publisher Sdn Bhd., </subfield>
   <subfield code="c">2017.</subfield>
  </datafield>
  <datafield tag="300" ind1=" " ind2=" ">
   <subfield code="a">520 pages: </subfield>
   <subfield code="b">color illustrations; </subfield>
   <subfield code="c">23 cm.</subfield>
  </datafield>
  <datafield tag="336" ind1=" " ind2=" ">
   <subfield code="a">text</subfield>
   <subfield code="2">rdacontent</subfield>
  </datafield>
  <datafield tag="337" ind1=" " ind2=" ">
   <subfield code="a">unmediated</subfield>
   <subfield code="2">rdamedia</subfield>
  </datafield>
  <datafield tag="338" ind1=" " ind2=" ">
   <subfield code="a">volume</subfield>
   <subfield code="2">rdacarrier</subfield>
  </datafield>
  <datafield tag="504" ind1="0" ind2="0">
   <subfield code="a">Includes bibliographical references and index</subfield>
  </datafield>
  <datafield tag="650" ind1="1" ind2="0">
   <subfield code="a">Management </subfield>
  </datafield>
  <datafield tag="650" ind1="1" ind2="0">
   <subfield code="a">Leadership </subfield>
  </datafield>
 </record>
</collection>
